Sports Quiz

Random Sports or Japanese Quiz

Japanese soccer players Quiz Stats

Quiz not verified by Sporcle

Score 0/20 Timer 06:00
0 Plays Today
% Correct
Keisuke Honda
95.4%
Shunsuke Nakamura
80.5%
Hidetoshi Nakata
79.3%
Shinji Kagawa
79.3%
Yasuhito Endō
71.3%
Shinji Okazaki
65.5%
Junichi Inamoto
63.2%
Yuto Nagatomo
63.2%
Shinji Ono
54%
Yoshikatsu Kawaguchi
44.8%
% Correct
Makoto Hasebe
44.8%
Atsuto Uchida
44.8%
Gōtoku Sakai
41.4%
Alessandro Santos
40.2%
Kazuyoshi Miura
34.5%
Naohiro Takahara
26.4%
Hiroshi Kiyotake
24.1%
Seigo Narazaki
23%
Masami Ihara
18.4%
Wagner Lopes
18.4%

You're not logged in!

Compare scores with friends on all Sporcle quizzes.
Join for Free
OR
Log In

You Might Also Like...

Show Comments

Extras

Top Quizzes Today


Score Distribution

Your Account Isn't Verified!

In order to create a playlist on Sporcle, you need to verify the email address you used during registration. Go to your Sporcle Settings to finish the process.

Report this User

Report this user for behavior that violates our Community Guidelines.

Details: